000 00732cam a2200253 4500500
005 20260405003138.0
041 _afre
042 _adc
100 1 0 _aEnjalbert, Cédric
_eauthor
245 0 0 _aLionel Shriver. Il faut qu’on parle de l’Oncle Sam
260 _c2020.
500 _a51
690 _aAmérique
690 _aDémocrates
690 _aDémocratie
690 _aÉtats-Unis
690 _aLiberté
690 _aLionel Shriver
690 _aPolitique
690 _aRépublicains
690 _aTrump
786 0 _nPhilosophie magazine | 143 | 10 | 2020-10-01 | p. 30-30 | 1951-1787
856 4 1 _uhttps://shs.cairn.info/magazine-philosophie-magazine-2020-10-page-30?lang=fr&redirect-ssocas=7080
999 _c2064795
_d2064795